=LDR 00000nam 2200000 4500 =001 INLIS000000000005117 =005 20130612093355 =008 ***********************************Ind** =035 ##$$0010-061300000005117 =041 ##$$a Ind =082 ##$$a 633.37 =090 ##$$a 633.37, Pit j =100 ##$$a PITOJO, Setijo =245 ##$$a Jengkol, Budidaya dan pemanfaatannya, Setijo Pitojo =260 ##$$a 1992 $b Yogyakarta =300 ##$$a 72 hlm, ilus, 21 cm =650 ##$$a Jengkol =650 ##$$a Budidaya =850 ##$$a NBPNMAT